[Event "Patras op"]
[Site "Patras"]
[Date "2002.08.02"]
[Round "2.28"]
[White "Vazouras, Hristos"]
[Black "Macheras, G."]
[Result "1-0"]
[WhiteElo "1390"]
[BlackElo "1700"]
[PlyCount "89"]
[EventDate "2002.08.??"]
[EventType "swiss"]
[EventRounds "9"]
[EventCountry "GRE"]
[SourceTitle "CBM 089 Extra"]
[Source "ChessBase"]
[SourceDate "2002.09.10"]
[SourceVersion "2"]
[SourceVersionDate "2002.09.10"]
[SourceQuality "1"]

1. e4 d6 2. d4 g6 3. Nc3 c6 4. Nf3 Bg7 5. Be2 Nf6 6. 0-0 0-0 7. Be3 b5 8. h3 b4 9. e5 dxe5 10. dxe5 Qxd1 11. Raxd1 Nfd7 12. Na4 Nxe5 13. Nxe5 Bxe5 14. Bd4 Nd7 15. Bxe5 Nxe5 16. Rd4 c5 17. Nxc5 Nc6 18. Rd2 Rb8 19. Rfd1 a5 20. Nd7 Bxd7 21. Rxd7 Rfd8 22. Rc7 Nd4 23. Kf1 Nxe2 24. Rxd8+ Rxd8 25. Kxe2 e6 26. Rc5 Ra8 27. Kd3 Kg7 28. Kc4 Rd8 29. Rxa5 Rd2 30. Kxb4 Rxc2 31. b3 Rxf2 32. a4 Rxg2 33. Rb5 h5 34. a5 f5 35. a6 Ra2 36. Ra5 Rd2 37. a7 Rd8 38. a8Q Rxa8 39. Rxa8 g5 40. Kc4 g4 41. hxg4 fxg4 42. Kd4 g3 43. Ke3 h4 44. Kf3 e5 45. Ra4 1-0